Holiday Quiz

Random Holiday or Animal Quiz
Score 0/16 Timer 02:30
1 Play Today
% Correct
Cat
95.8%
Dog
95.2%
Panda
94.3%
Tiger
94.2%
Horse
93.9%
Camel
93.5%
Elephant
93.2%
Crocodile
93.1%
% Correct
Goat
92.8%
Boa constrictor
92.7%
Penguin
92.6%
Ostrich
92%
Reindeer
91.9%
Parrot
90%
Shark
88.4%
Ring-tailed lemur
76.5%
Remove Ads.
Support Sporcle.
Get the best of Sporcle when you Go Orange. This ad-free experience offers more features, more stats, and more fun while also helping to support Sporcle. Thank you for becoming a member.

You're not logged in!

Compare scores with friends on all Sporcle quizzes.
OR
Log In

Show Comments

Extras

Top Quizzes Today


Score Distribution

Your Account Isn't Verified!

In order to create a playlist on Sporcle, you need to verify the email address you used during registration. Go to your Sporcle Settings to finish the process.

Report this User

Report this user for behavior that violates our Community Guidelines.

Details: